000 01116naa a22003257a 4500
001 BR9509826
003 BR-BrBNA
005 20240918181524.0
007 ta
008 230509b bl.||||| |||| 00| 0 por d
040 _aBR-BrBNA
_bpor
_cBiblioteca Nacional de Agricultura
041 _a(Pt)
072 _aE16
_b0150
_b1410
_b0120
090 _aE16 BR9509826
100 1 _aGoedert, W.J.
100 1 _aSouza, P.I. de M. de
111 1 _a7. Simposio sobre o Cerrado
_cBrasilia, DF (Brazil)
_d4-7 Apr 1989
245 1 _aCulturas anuais: situacao atual e perspectivas
260 3 _aPlanaltina, DF (Brasil):
_c1995.
500 _a7. Simposio sobre o Cerrado. Estrategias de utilizacao. Anais Planaltina, DF (Brasil): 1995. p. 138-157 (BR9509826-AM)E16
650 _aArroz
650 _aFeijao
650 _aMilho
650 _aEstatistica de Producao
650 _aProdutividade
650 _aCerrado
773 0 _t7. Simposio sobre o Cerrado. Estrategias de utilizacao. Anais
_wE16 BR9509826
_gPlanaltina, DF (Brasil), 1995. p. 138-157
909 _a202404
_bLucia
_c55
_dLucia Elande
942 _cAM
_2AGRIS
999 _c325651
_d325651